000 00556nam a2200229Ia 4500
003 OSt
005 20221005121009.0
006 a|||||r|||| 00| 0
007 ta
008 221004b |||||||| |||| 00| 0 eng d
024 _a59352
037 _cTextual
040 _aCRL
_cCRL
_beng
041 _2eng
_aeng
082 _aV2:25xM69:9, K7
100 _aChalapathi Rau M
245 0 _aGandhi and Nehru
260 _c1967
650 _aHISTORY
942 _hV2:25xM69:9, K7
_cTEXL
_2cc
999 _c1039794
_d1039794